Statistiques concernant Venise - Culture générale

Cliquez ici pour prendre le quiz!

Statistiques générales

  • Ce quiz a été pris 56 fois
  • Le résultat moyen est 9 sur 15

Statistiques - réponses

Information Réponse % Correct
Moyen de transport traditionnel très prisé par les touristesGondole
94%
Mer entourant VeniseMer Adriatique
91%
Compositeur "Les 4 Saisons"Antonio Vivaldi
89%
Nom italien de la villeVenezia
83%
Saint patron de la villeSaint-Marc
79%
Titre du dirigeantDoge
72%
Explorateur qui rencontra Kubilai KhanMarco Polo
70%
Institution qui l'a inscrite sur ses listes en 1987UNESCO
57%
Rivale navale de VeniseGênes
55%
Célèbre pont qui surplombe le Grand CanalPont du Rialto
53%
Région italienneVénétie
40%
Mode de gouvernement qui a domié la cité pendant plus de 1000 ansRépublique
32%
Période durant laquelle la ville est inondéeAcqua Alta
28%
Festival d'art contemporain toutes les années impairesBiennale de Venise
28%
Luxueux café de Venise ouvert en 1720Caffè Florian
17%

Distribution des résultats

Percentile par nombre de réponses

% des personnes avec chaque résultat

Votre développement - résultats

Vous n’avez pas pris ce quiz